| 000 | 00567nam a22002057a 4500 | ||
|---|---|---|---|
| 005 | 20220729144608.0 | ||
| 008 | 220729b ||||| |||| 00| 0 eng d | ||
| 040 | _cAL | ||
| 041 | _aEnglish | ||
| 082 |
_223 _a331.891 _bCOLE |
||
| 100 |
_aDavid L Cole _954007 |
||
| 245 | _aQuest for Industrial Peace | ||
| 260 |
_aNew York _bMc Graw Hill Book Company Inc |
||
| 300 |
_axi,164 p. _bHB _c20.5x14 cm. |
||
| 650 |
_aUnited States _954008 |
||
| 650 |
_aLabor disputes _954009 |
||
| 650 |
_aLabor policy _954010 |
||
| 700 |
_aCOLE (David L) _954011 |
||
| 942 |
_2ddc _cGF |
||
| 999 |
_c224294 _d224294 |
||